Hydraulics

সংরক্ষণ করুন:
গ্রন্থ-পঞ্জীর বিবরন
প্রধান লেখক: Russell, George E
বিন্যাস: গ্রন্থ
ভাষা:English
প্রকাশিত: New York, New York : Henry Holt 1937
সংস্করন:5
বিষয়গুলি:
ট্যাগগুলো: ট্যাগ যুক্ত করুন
কোনো ট্যাগ নেই, প্রথমজন হিসাবে ট্যাগ করুন!

MARC

LEADER 00000nam a2200000Ia 4500
003 002005
005 20221231144000.0
008 140114s1937 nyua 000 ||eng d
040 |c cru CEDI 
082 |a 627 R963h5 
100 |a Russell, George E  |9 21127 
245 |a Hydraulics 
250 |a 5 
260 |a  New York, New York : Henry Holt  |c 1937 
300 |a viii, 468 páginas : ilustraciones ; 24 cm 
650 |x HIDRAULICA  |9 21128 
942 |2 ddc  |c BK 
999 |c 15167  |d 15167